Public bodies cannot favour a home team (Record no. 61371)

MARC details
000 -LEADER
fixed length control field 00908cam a2200229 4500
001 - CONTROL NUMBER
control field ABS61484
008 - FIXED-LENGTH DATA ELEMENTS--GENERAL INFORMATION
fixed length control field 000000n1999 000 0 eng u
035 ## - SYSTEM CONTROL NUMBER
System control number (Sirsi) u102348
100 ## - MAIN ENTRY--PERSONAL NAME
Personal name Winter, J.
245 ## - TITLE STATEMENT
Title Public bodies cannot favour a home team
260 ## - PUBLICATION, DISTRIBUTION, ETC.
Date of publication, distribution, etc. 1999
490 ## - SERIES STATEMENT
Series statement Construction News
Volume/sequential designation (6642) 18 November 1999, 14(1)
520 ## - SUMMARY, ETC.
Summary, etc. Uses the case "Harmon CFEM Facades (UK) v The Corporate Officer of the House of Commons" to illustrate the part of EU public procurement rules which prevents tenders being accepted on the grounds of the nationality of the tenderer.
590 ## - LOCAL NOTE (RLIN)
Local note ABS
650 ## - SUBJECT ADDED ENTRY--TOPICAL TERM
Topical term or geographic name entry element EU PUBLIC PROCUREMENT RULES
650 ## - SUBJECT ADDED ENTRY--TOPICAL TERM
Topical term or geographic name entry element NATIONALITY
650 ## - SUBJECT ADDED ENTRY--TOPICAL TERM
Topical term or geographic name entry element HARMON CFEM FACADES (UK) LTD V THE CORPORATE OFFICER OF THE HOUSE OF COMMONS
650 ## - SUBJECT ADDED ENTRY--TOPICAL TERM
Topical term or geographic name entry element TORT OF MISFEASANCE
650 ## - SUBJECT ADDED ENTRY--TOPICAL TERM
Topical term or geographic name entry element DISCRIMINATION
690 ## - LOCAL SUBJECT ADDED ENTRY--TOPICAL TERM (OCLC, RLIN)
Topical term or geographic name as entry element BUILT ENVIRONMENT-BUILDING CONTRACT FORMS
942 ## - ADDED ENTRY ELEMENTS (KOHA)
Suppress in OPAC 0
Holdings
Withdrawn status Lost status Source of classification or shelving scheme Damaged status Not for loan Home library Current library Shelving location Date acquired Total Checkouts Full call number Barcode Date last seen Copy number Price effective from Koha item type
    Dewey Decimal Classification     London London Journal article 19/11/1999   ABS61484 102348-1001 06/08/2019 1 06/08/2019 Journal article